| 000 | 00668nam a22001937a 4500 | ||
|---|---|---|---|
| 003 | 0 | ||
| 005 | 20250823094232.0 | ||
| 008 | 250823b xxu||||| |||| 00| 0 eng d | ||
| 020 | _a978-1-394-18494-1 | ||
| 050 |
_aHD 49.3 _b.C66 2025 |
||
| 245 |
_aCommunication and misinformation : _bcrisis events in the age of social media / _cedited by Kevin B. Wright. |
||
| 260 |
_aHoboken, New Jersey : _bWiley Blackwell, _c2025. |
||
| 300 |
_axiii, 220 pages : _billustrations ; _c26 cm. |
||
| 504 | _aIncludes bibliographical references and index. | ||
| 650 | _aCommunication in crisis management. | ||
| 650 | _aMisinformation. | ||
| 650 | _aSocial media. | ||
| 942 |
_2lcc _cBK |
||
| 999 |
_c367600 _d367600 |
||